| 000 | 01094nam a2200313 a 4500 | ||
|---|---|---|---|
| 001 | 000003690 | ||
| 003 | DO-SdBNP | ||
| 005 | 20250625154721.0 | ||
| 007 | ta | ||
| 008 | 090713e2006 dr fr 001 edspa d | ||
| 020 | _a9993462543 | ||
| 040 |
_aDO-SdBNP _bspa _cBNPHU |
||
| 082 | 4 |
_bA634p _222 |
|
| 245 | 0 | 0 |
_aAntología para promover la lectura y fomentar el placer de leer / _ceditado y compilado, Gladys Almonte. |
| 260 |
_aSanto Domingo : _bUniversitaria -UASD, _c2006. |
||
| 300 |
_a412 p. ; _c23 cm. |
||
| 490 | 1 |
_aPublicaciones de la Universidad Autónoma de Santo Domingo ; _v1297 |
|
| 490 | 1 |
_aEducación y sociedad ; _v63 |
|
| 500 | _aIncluye datos biográficos del autor en las solapas | ||
| 504 | _aBibliografía : p. 403-412 | ||
| 590 | _aInventariado 2022 / MF | ||
| 650 | 4 |
_aLectura _9408 |
|
| 650 | 0 |
_aPromoción de la lectura _97321 |
|
| 700 | 1 |
_aAlmonte, Gladys _eed. y comp. _911287 |
|
| 830 | 0 |
_aPublicaciones de la Universidad Autónoma de Santo Domingo ; _n1297 _911288 |
|
| 830 | 0 |
_aEducación y sociedad ; _n63 _911289 |
|
| 910 | _aMFeliz | ||
| 942 |
_2ddc _cLBS1 |
||
| 999 |
_c3512 _d3512 |
||